000 00569cab a2200193 4500
001 ABS41538
008 090401t1989 xxu||||| |||| 00| 0 eng d
035 _a(Sirsi) u30812
041 _aeng
100 _aFidler, J.
245 _aPollution at home
260 _c1989
350 _a0
490 _aTraditional Homes
_v6(2) November 1989, 137-139(2)
520 _aExamines the effects and treatment of the build-up of the two gases , carbon dioxide and radon . References.
690 _aBUILT ENVIRONMENT-BUILDING STANDARDS
942 _n0
948 _c04/03/1997
999 _c20762
_d20762